नज़रिया / (Record no. 34586)

MARC details
000 -LEADER
fixed length control field 01189nam a22002657a 4500
005 - DATE AND TIME OF LATEST TRANSACTION
control field 2010031104284.0
008 - FIXED-LENGTH DATA ELEMENTS--GENERAL INFORMATION
fixed length control field 100311t xxu||||| |||| 00| 0 hin d
010 ## - LCCN (DPL NO)
LC control number HIN-89094
020 ## - INTERNATIONAL STANDARD BOOK NUMBER
Terms of availability 150.00
035 ## - SYSTEM CONTROL NUMBER
System control number HN-61440
037 ## - SOURCE OF ACQUISITION
Source of stock number/acquisition DBAD / PUB
040 ## - CATALOGING SOURCE
Original cataloging agency DPL
Language of cataloging HN
082 ## - DEWEY DECIMAL CLASSIFICATION NUMBER
Classification number
100 ## - MAIN ENTRY--PERSONAL NAME
Personal name चौहान, अनिता सिंह
9 (RLIN) 3555
245 ## - TITLE STATEMENT
Title नज़रिया /
Statement of responsibility, etc अनिता सिंह चौहान
246 ## - VARYING FORM OF TITLE
Title proper/short title Najariya
Remainder of title by Anita Singh Chayhan
260 ## - PUBLICATION, DISTRIBUTION, ETC. (IMPRINT)
Place of publication, distribution, etc दिल्ली
Name of publisher, distributor, etc दिनमान प्रकाशन
Date of publication, distribution, etc 2009
270 ## - ADDRESS
Address 3014, चर्खेवालान
City दिल्ली
Postal code 110006
Telephone number 23947589
300 ## - PHYSICAL DESCRIPTION
Extent 120पृ
Dimensions 22सेमी (सजिल्द)
500 ## - GENERAL NOTE
General note समान ISBN 9788188386307 शीर्षक पुरस्कृत लेखकों की कहानियाँ
650 ## - SUBJECT ADDED ENTRY--TOPICAL TERM
Topical term or geographic name as entry element लघु कथाएं, हिन्दी
9 (RLIN) 1159
650 ## - SUBJECT ADDED ENTRY--TOPICAL TERM
Topical term or geographic name as entry element Short stories, Hindi
9 (RLIN) 3556
942 ## - ADDED ENTRY ELEMENTS (KOHA)
Source of classification or shelving scheme Dewey Decimal Classification
Item type Hindi Books
Call number suffix चौहान
Holdings
Withdrawn status Lost status Source of classification or shelving scheme Damaged status Not for loan Collection code Home library Current library Date acquired Source of acquisition Cost, normal purchase price Total Checkouts Full call number Barcode Date last seen Copy number Cost, replacement price Koha item type
    Dewey Decimal Classification   Not For Loan Non-fiction D.B.Act.Division D.B.Act.Division 11/03/2010 DBAD / PUB 150.00   चौहान HN-61440 11/03/2010 1 150.00 Hindi Books

© Delhi Public Library
Hit Counter
free hit counter